Derecho político chileno

Salvato in:
Dettagli Bibliografici
Autore principale: Urzúa Valenzuela, Germán (Autore)
Natura: Libro
Lingua:spagnolo
Pubblicazione: Santiago Jurídica Ediar-ConoSur 1988
Soggetti:
Tags: Aggiungi Tag
Nessun Tag, puoi essere il primo ad aggiungerne!!

MARC

LEADER 00000nam a2200000 a 4500
001 UCV0807
003 CL-VaPUC
008 890428e19880000CL |||||||||||||||||spa|d
082 0 4 |a 320.983  |b URZ  |2 21 
100 0 |a Urzúa Valenzuela, Germán  |e author  |9 295110 
245 1 0 |a Derecho político chileno 
300 |a 305 p 
942 |c BK 
945 |d 19890428 00:00:00 
260 |a Santiago  |b Jurídica Ediar-ConoSur  |c 1988 
650 0 |a Poder (Ciencias sociales)  |9 255502 
650 0 |a Estado  |9 255503 
650 0 |a Fuerzas Armadas  |9 255504 
650 7 |a GRUPOS DE PRESION  |2 CL-VaPUC  |9 255505 
650 0 |a Instituciones políticas  |9 255506 
650 0 |a Teoría del Estado  |9 255507 
650 0 |a Gobierno   |9 255508 
650 0 |a Poder político  |9 255509 
650 7 |a FUERZAS POLITICAS  |2 CL-VaPUC  |9 255510 
650 0 |a Burocracia  |9 255511 
650 0 |a Opinión pública  |9 255512 
650 7 |a GRUPOS DE PRESION  |2 CL-VaPUC  |9 255505 
650 0 |a Regímenes políticos  |9 255513 
583 |a last modification  |c 19890428 00:00:00  |k Rodrigo Vera 
999 |c 209001  |d 208999 
952 |0 0  |1 0  |4 0  |6 320_983000000000000_URZ_1988  |7 0  |8 A  |9 184079  |a BIBDER  |b BIBDER  |d 2019-11-14  |i 2512483  |o 320.983 URZ 1988  |p 2512483  |r 2023-01-25  |w 2019-11-14  |y BK  |k DER